Técnicas modernas de gestión (Registro nro. 2301)
[ vista simple ]
| 000 -LEADER | |
|---|---|
| fixed length control field | 00910 a2200205 4500 |
| 001 - CONTROL NUMBER | |
| control field | 32788 |
| 005 - DATE AND TIME OF LATEST TRANSACTION | |
| control field | 20260407155624.0 |
| 008 - FIXED-LENGTH DATA ELEMENTS--GENERAL INFORMATION | |
| fixed length control field | 260407a1965 arg spa d |
| 003 - CONTROL NUMBER IDENTIFIER | |
| control field | AR-UNSa-BCEJYS |
| 040 ## - CATALOGING SOURCE | |
| Original cataloging agency | AR-UNSa-BCEJYS |
| Language of cataloging | spa |
| Transcribing agency | AR-UNSa-BCEJYS |
| 080 ## - UNIVERSAL DECIMAL CLASSIFICATION NUMBER | |
| Universal Decimal Classification number | 658.012.261 |
| Common auxiliary subdivision | Suceso-nodo-red. Orientación al suceso. PERT (Técnica de Revisión y Evaluación de Proyectos) |
| 100 1# - MAIN ENTRY--PERSONAL NAME | |
| Personal name | Lindsay, Franklin A. |
| 245 10 - TITLE STATEMENT | |
| Title | Técnicas modernas de gestión |
| Name of part/section of a work | métodos matemáticos para la toma de decisiones |
| 264 #1 - PRODUCTION, PUBLICATION, DISTRIBUTION, MANUFACTURE, AND COPYRIGHT NOTICE | |
| Place of production, publication, distribution, manufacture | New York : |
| Name of producer, publisher, distributor, manufacturer | McGraw-Hill |
| Date of production, publication, distribution, manufacture, or copyright notice | 1965 |
| 300 ## - PHYSICAL DESCRIPTION | |
| Extent | 197 p. |
| Dimensions | 22 cm. |
| 505 ## - FORMATTED CONTENTS NOTE | |
| Formatted contents note | I. Introducción a las técnicas matemáticas de gestión - II. Técnicas matemáticas - III. Aplicaciones de las técnicas matemáticas de gestión - IV. Conclusión - Apéndice: El método PERT - Dinámica Industrial - |
| 590 ## - LOCAL NOTE (RLIN) | |
| Local note | niveau_biblio:m niveau_hierar:0 |
| 700 1# - ADDED ENTRY--PERSONAL NAME | |
| Personal name | Compays Pascual, R. |
| 942 ## - ADDED ENTRY ELEMENTS (KOHA) | |
| Koha item type | |
| Withdrawn status | Lost status | Damaged status | Not for loan | Home library | Current library | Shelving location | Date acquired | Total checkouts | Full call number | Barcode | Date last seen | Price effective from | Koha item type |
|---|---|---|---|---|---|---|---|---|---|---|---|---|---|
| Biblioteca Prof. Eusebio Cleto del Rey | Biblioteca Prof. Eusebio Cleto del Rey | 07/04/2026 | 658.012.261 L748 | L22030 | 07/04/2026 | 07/04/2026 | Libro |